00524nam a2200169Ia 4500003000900000008004100009020001800050040001600068080001600084100001800100245008400118260007900202300001500281650001500296650002300311650002000334IN-BaIIA211028s9999 xx 000 0 eng d a0-8194-4135-X cIIA Library a535.31bMAH aMahajan, V. N 0aOptical imaging and aberrationsbpart 2, wave diffraction opticscV. N. Mahajan aWashington, D. C.bThe International Society for Optical Engineeringc2001 axxi, 450p. aAbberation aGeometrical optics aImaging systems